000 00614nam a22001937a 4500
003 BD-DhJNU
005 20250130051157.0
008 250130b |||||||| |||| 00| 0 eng d
020 _a9789845061025
040 _aBD-DhJNU
_bENG
_cBD-DhJNU
_dBD-DhJNU
082 _223
_a330.95492 RAE
100 _a Rashid, Haroun er
245 _aEconomic geography of Bangladesh /
_cHaroun er Rashid
260 _aDhaka :
_bThe University Press,
_c2014.
300 _axix, 318 p. :
_bill. ;
_c22 cm.
504 _aIncludes bibliographical references and index
650 _a Bangladesh Economic conditions
942 _2ddc
_cBK
_n0
999 _c1205
_d1205